000
00323nam a2200145Ia 4500
100
_a
Goody/ Roy
942
_c
RB
654
_a
Interface the 8086/8088
245
_a
Programming & Interface the 8086/8088
260
_b
Macmillan
_a
Singapore
_c
1992
082
_a
5.265
300
_a
392
546
_a
ENGLISH
999
_c
22646
_d
22646